College Quizbowl Stats
College Quizbowl Stats
Circuits
Seasons
Sets
Records
Detailed Stats
About
Loading...
2024 ACF Regionals @ Cornell
Tossups
Bonuses
Players
Teams
Categories (Tossup)
Categories (Bonus)
Gino DeLeone
Binghamton A
Categories
Category
Powers
Gets
Negs
BBs
Points
Earliest Buzz
Avg. Buzz
First Buzzes
Top 3 Buzzes
Mythology
0
1
0
0
10
138
138.00
0
1
Science - Biology
0
1
0
0
10
94
94.00
0
1
Science - Chemistry
0
1
0
0
10
114
114.00
0
1
Science - Other Science
0
1
1
0
5
54
54.00
1
1
Science - Physics
0
1
1
0
5
109
109.00
1
1
Buzzes
Category
Answer
Value
Buzz Position
Science - Other Science
pesticides
10
54
Science - Other Science
turbulence
-5
67
Science - Biology
sea stars
10
94
Science - Physics
capacitance
-5
99
Science - Physics
paramagnetism
10
109
Science - Chemistry
cooling
10
114
Science - Chemistry
solvation
0
130
Mythology
Brynhild
10
138
Previous
1
Next